000 00624nam a2200229Ia 4500
003 OSt
005 20220924152424.0
006 a|||||r|||| 00| 0
007 ta
008 220923b |||||||| |||| 00| 0 mar d
024 _a342493
037 _cTextual
040 _aARTS
_cARTS
_bmar
041 _2mar
_amar
082 _aV2:51wM53, 155C4
100 _aParasnees Datatraya Balwant
_9226661
245 0 _aMaharani Lakshmibai saheb hayanchey charitr
260 _c1894
650 _aHISTORY
942 _hV2:51wM53, 155C4
_cTEXL
_2CC
999 _c469810
_d469810